000 00360nam a2200169Ia 4500
100 _aBimbhra/P.S
650 _aPower electronics
942 _cBK
366 _f10
654 _apower electronics
245 _aPower Electronics
260 _bKhanna publishers
_c2010
082 _a621.317
_bBIM
300 _a770
546 _aENGLISH
_cTTL
999 _c25010
_d25010